| 000 | 01534nam a2200361 i 4500 | ||
|---|---|---|---|
| 001 | 000047997 | ||
| 003 | DO-SdBNP | ||
| 005 | 20251209085620.0 | ||
| 007 | ta | ||
| 008 | 101011s2006 dr a 001 0 spa d | ||
| 020 | _a9789945002027 | ||
| 040 |
_aDO-SdBNP _bspa _cBNPHU _erda |
||
| 041 | _hspa | ||
| 082 | 4 |
_a384.697293 _bM878t 2006 _222 |
|
| 100 | 1 |
_aMorrison Amador, Hiddekel Abel, _eautor _4aut. _d1978- _946225 |
|
| 245 | 1 | 4 |
_aLas telecomunicaciones en República Dominicana : _borigen, evolución e impacto en el desarrollo económico / _cHiddekel Morrison. |
| 250 | _aSegunda edición | ||
| 264 |
_aSanto Domingo : _bEditora Taller, _c2006. |
||
| 300 |
_a162 páginas : _bilustraciones ; _c22 cm. |
||
| 336 |
_atexto _btxt _2rdacontent |
||
| 337 |
_asin mediación _bn _2rdamedia |
||
| 338 |
_avolumen _bnc _2rdacarrier |
||
| 500 | _aIncluye datos biográficos del autor en la contracubiertata | ||
| 500 | _aIncluye referencias bibliográficas y notas al pie de las páginas. | ||
| 500 | _aEl telégrafo, el teléfono, la radio, la televisión, el celular, el beeper y el internet en la historia dominicana desde sus más remotos origenes hasta nuestros días | ||
| 504 | _aBibliografía : páginas 159-162 | ||
| 590 | _aInventariado, 2018/VM | ||
| 650 | 4 |
_aDesarrollo científico y tecnológico _zRepública Dominicana _911803 |
|
| 650 | 4 |
_aTecnología de las comunicaciones _zRepública Dominicana _946231 |
|
| 650 | 0 |
_aTelecomunicaciones _zRepública Dominicana _xHistoria _9550 |
|
| 910 | _aVM | ||
| 942 |
_2ddc _cLBS1 |
||
| 999 |
_c47485 _d47485 |
||